1673 1855 1623 1501 1044 1231 1263 1654 1228 1953 1080 1298 1992 1925 1156 1179 1861 1220 1938 1984 1848 1331 1820 1895 1393 1732 1396 1117 1549 1729 1850 1535 1942 1194 1475 1862 1392 1433 1178 1259 1174 1044 1021 1957 1204 1276 1594 1764 1566 1415 1135 1364 1470 1739 1124 1218 1989 1868 1426 1581 1511 1685 1669 1640 1406 1275 1331 1068 1436 1448 1806 1860 1931 1805 1552 1989 1242 1167 1121 1145 1862 1069 1059 1994 1946 1056 1109 1546 1643 1397 1736 1258 1058 1890 1233 1707 1456 1287 1915 BCNSPRNW ULIB Ver.6.0+V

เปลี่ยนเป็นภาษาไทย

Change to English
 แสดงรายละเอียดบรรณานุกรม
  กลับหน้าหลัก

Brief Record : Get Marc (ISO 2709) : E-mail record : QR code < ปิดหน้าต่าง
LEADER : 00000nam 2200000uu 4500
001    13399109232
003     ULIB
008    110324s2544||||th 000 0 tha d
020    9742938938
060 04 WA540.JT3^bส598ร 2544
110 1  สำนักงานปลัดกระทรวงสาธารณสุข.^bสำนักนโยบายและแผนสาธารณสุข
245 00 รายงานสรุปการประเมินผลแผนพัฒนาการสาธารณสุขในช่วงแผนพัฒนาเศรษฐกิจและสังคมแห่งชาติฉบับที่ 8 (พ.ศ.2540-2544) /^cสำนักนโยบายและแผนสาธารณสุข
260    นนทบุรี :^bสำนักนโยบายและแผนสาธารณสุข,^c2544
300    740 หน้า ;^c26 ซม.
650  7 สาธารณสุข^xแผนพัฒนาเศรษฐกิจและสังคมแห่งชาติฉบับที่ 8
710 2  มูลนิธิสาธารณสุขแห่งชาติ
945    ^p0^l0^i013452
995    ทศพร
999 ^a ใช้งานได้ทุกระบบ
รายการนี้ยังไม่มีแท็ก
คุณยังไม่ได้ล็อกอิน คุณสามารถมีกิจกรรมร่วมกับเว็บไซต์ได้ แต่ต้องล็อกอินก่อน ::
  ล็อกอิน

รายการสื่อสารสนเทศ

ลำดับที่ ประเภท เลขเรียก/บาร์โค้ด สถานที่ สถานะ
- ไม่พบข้อมูล -

BibComment


ยังไม่เคยถูกคอมเมนท์

คอมเมนท์ทรัพยากรรายการนี้
  คอมเมนท์: รายงานสรุปการประเ..


 Copyright 2026. Bcnsprnw @Library